Kurtze/ Einfeltige/ Warhafftige Historische Beschreibunge/ Vierer wünderlicher/ seltzamer/ vnerhörter/ grewlicher Wetter/ so bey Gothaw in Düringen/ auff den 29. Maij/ nach mittag vmb 2. schlege anbehende/ vñ werendwe bis vmb 6. bey einer wůsten Kirchen/ Kindleben/ zusammen getroffen/ Vnd was für Schaden sie gethan haben/ Vnd armen Sündern allen/ von Gott zur Bußpredigt fürgestellet. Durch Marcum Wagnerum Seniorem Frimariensem/ Von Röm. Kays. may. bestetigten Inquisitorem Antiquitatum in Europa/ Historicum #et Theologum. Fata regunt homines, fatis subiecta manebũt omnia sub coelo, quicquid & orbis habet

Bibliographic Details
Main Author: Wagner, Marcus (Author)
Corporate Author: Baumann, Georg st. (Erfurt, Nemecko) (Printer)
Other Authors: Baumann, Georg st (Printer)
Format: Book
Language:German
PhysicalDescription:A4-B4 [=8] l. 4°
Published: Gedruckt zu Erffurdt durch den alten Georg Bawman/ auff dem Vischemarckt Anno á nato Christo. M.D.LXXXVII. [=1597]
Subjects:

MARC

LEADER 00000nam a2200000 a 4500
001 vtls011702100
003 SK-MaSNL
005 20260301094159.0
008 240313t1597 gw 000 0 ger
015 |a SNBHFA1597 
035 |a B3A1A239-9C7C-48F6-B0F9-97640F43F7EB 
035 |a urn:nbn:sk:snk-am3h4mo 
035 |a urn:nbn:sk:snk-am00cn9n 
040 |a SNKHF  |b slo  |c SNK  |e AACR2 
041 0 |a ger 
044 |a gw  |c DE 
100 1 |a Wagner, Marcus  |4 aut  |9 427578 
240 1 0 |a Quernfurtische Chronica 
245 1 0 |a Kurtze/ Einfeltige/ Warhafftige Historische Beschreibunge/ Vierer wünderlicher/ seltzamer/ vnerhörter/ grewlicher Wetter/ so bey Gothaw in Düringen/ auff den 29. Maij/ nach mittag vmb 2. schlege anbehende/ vñ werendwe bis vmb 6. bey einer wůsten Kirchen/ Kindleben/ zusammen getroffen/ Vnd was für Schaden sie gethan haben/ Vnd armen Sündern allen/ von Gott zur Bußpredigt fürgestellet. Durch Marcum Wagnerum Seniorem Frimariensem/ Von Röm. Kays. may. bestetigten Inquisitorem Antiquitatum in Europa/ Historicum #et Theologum. Fata regunt homines, fatis subiecta manebũt omnia sub coelo, quicquid & orbis habet 
260 |a Gedruckt zu Erffurdt  |b durch den alten Georg Bawman/ auff dem Vischemarckt  |c Anno á nato Christo. M.D.LXXXVII. [=1597] 
300 |a A4-B4 [=8] l.  |c 4° 
500 |a Iniciálky s ornamentálnym pozadím na 5 r., kustódy, typografické ozdoby 
501 |a Príväzok 28. k: SPANGENBERG, Cyriacus. Quernfurtische Chronica. Gedruckt zu Erffurdt : durch Georgium Bawman, 1590. 4°.  |5 SNK ID 99753 
508 |a Ded.: Witterbe, Hans Melchior von; Wolff, Johann 
510 4 |a VD 16 0 
550 |a Impresorské údaje prevzaté z kolofónu 
650 0 7 |a kázne  |2 SNKPH  |9 1954 
700 1 |a Wolff, Johann  |4 hnr  |9 427579 
700 1 |a Witterbe, Hans Melchior von  |4 hnr  |9 427580 
700 1 |a Baumann, Georg st.  |4 prt  |9 427581 
710 0 |a Baumann, Georg st. (Erfurt, Nemecko)  |4 prt  |9 427582 
752 |a Nemecko  |d Erfurt 
852 |a SNK  |b Zaiova knižnica: Zay M 1427/1014, prív. 28  |p ID 99753, prív.28 
958 |a ONDV 
999 |c 679502  |d 681432 
952 |t Zay M 1427/1014  |a SNK  |b SNK  |c SNK_HF  |y PREZ  |7 0  |p 17A1130677  |o snkID 99753/prív.28  |i snk2017/15407  |8 5  |0 0  |1 0  |4 0  |d 2017-07-12  |f 1  |l 0  |r 2026-02-23 19:52:56  |w 2026-02-23